Vooroordelen jegens Roma in Kroatië
| Main Author: | |
|---|---|
| Format: | Print Article |
| Language: | Dutch |
| Check availability: | HBZ Gateway |
| Interlibrary Loan: | Interlibrary Loan for the Fachinformationsdienste (Specialized Information Services in Germany) |
| Published: |
[2020]
|
| In: |
TussenRuimte
Year: 2020, Volume: 13, Issue: 2, Pages: 34-36 |
| RelBib Classification: | AD Sociology of religion; religious policy KBK Europe (East) KDG Free church |
MARC
| LEADER | 00000caa a2200000 c 4500 | ||
|---|---|---|---|
| 001 | 1725199114 | ||
| 003 | DE-627 | ||
| 005 | 20200811133814.0 | ||
| 007 | tu | ||
| 008 | 200721s2020 xx ||||| 00| ||dut c | ||
| 035 | |a (DE-627)1725199114 | ||
| 035 | |a (DE-599)KXP1725199114 | ||
| 040 | |a DE-627 |b ger |c DE-627 |e rda | ||
| 041 | |a dut | ||
| 084 | |a 0 |a 1 |2 ssgn | ||
| 100 | 1 | |a Wachsmuth, Melody Joy |e VerfasserIn |4 aut | |
| 245 | 1 | 0 | |a Vooroordelen jegens Roma in Kroatië |c Melody Joy Wachsmuth |
| 264 | 1 | |c [2020] | |
| 336 | |a Text |b txt |2 rdacontent | ||
| 337 | |a ohne Hilfsmittel zu benutzen |b n |2 rdamedia | ||
| 338 | |a Band |b nc |2 rdacarrier | ||
| 652 | |a AD:KBK:KDG | ||
| 773 | 0 | 8 | |i Enthalten in |t TussenRuimte |d Utrecht : [Verlag nicht ermittelbar], 2008 |g 13(2020), 2, Seite 34-36 |w (DE-627)561322090 |w (DE-600)2419149-8 |w (DE-576)278983286 |x 0165-988X |7 nnas |
| 773 | 1 | 8 | |g volume:13 |g year:2020 |g number:2 |g pages:34-36 |
| 951 | |a AR | ||
| ELC | |b 1 | ||
| ITA | |a 1 |t 1 | ||
| LOK | |0 000 xxxxxcx a22 zn 4500 | ||
| LOK | |0 001 3726929401 | ||
| LOK | |0 003 DE-627 | ||
| LOK | |0 004 1725199114 | ||
| LOK | |0 005 20200811133814 | ||
| LOK | |0 008 200721||||||||||||||||ger||||||| | ||
| LOK | |0 040 |a DE-Tue135 |c DE-627 |d DE-Tue135 | ||
| LOK | |0 092 |o n | ||
| LOK | |0 852 |a DE-Tue135 | ||
| LOK | |0 852 1 |9 00 | ||
| LOK | |0 935 |a ixzs | ||
| LOK | |0 936ln |0 1442048824 |a KBK | ||
| LOK | |0 936ln |0 1442043016 |a AD | ||
| LOK | |0 936ln |0 1442050470 |a KDG | ||
| LOK | |0 939 |a 21-07-20 |b l01 | ||
| ORI | |a SA-MARC-ixtheoa001.raw | ||
| REL | |a 1 | ||
| SUB | |a REL | ||



